Fact Quiz: UK Countries Stats

Quiz Updated May 29, 2014

Challenge
Share
Tweet
Embed
Score 0/44 Timer 06:00
3 Plays Today
% Correct
London
99.3%
Red
92.4%
Scotland
92%
White
91.8%
Wales
91.8%
Ireland
83.7%
Belfast
82.6%
England
81.3%
West Midlands Urban Area (2,284,093)
80.2%
White
79.9%
Blue
79.8%
Saint Patrick
79.2%
Edinburgh
79%
Greater Glasgow (1,168,270)
77.7%
White
77.1%
2014 - Brazil
76.8%
Saint George
75%
England
74.9%
Red
74.5%
White Stripe
73.1%
Cardiff
71.8%
Green Stripe
71.2%
% Correct
Red
70.4%
Saint Andrew
55.3%
Swansea Urban Area (270,506)
54.4%
Ben Nevis - 1,343m (4,406')
54.4%
Isle of Wight
47.8%
1998 - France
46.5%
Saint David
45.6%
Shetland Islands
45.1%
Derry Urban Area (90,663)
43.2%
Snowdon - 1,085m (3,560')
41.5%
1986 - Mexico
38.6%
Orkney Islands
36%
1958 - Sweden
33.3%
Isle of Anglesey
27.4%
Scafell Pike - 977m (3,205')
23.8%
Enactment of Acts of Union - 1707
20.6%
Enactment of Acts of Union - 1707
20%
Enactment of Acts of Union - 1801
16.3%
Enactment of Acts of Union - 1707
15.1%
Lough Neagh - 382 sq km (147 sq miles)
14.5%
North Channel
3.6%
Slieve Donard - 852m (2,795')
3.3%

You're not logged in!

Compare scores with friends on all Sporcle quizzes.
Sign Up with Email
OR
Log In

You Might Also Like...

Show Comments

Extras

Top Quizzes Today


Score Distribution

Your Account Isn't Verified!

In order to create a playlist on Sporcle, you need to verify the email address you used during registration. Go to your Sporcle Settings to finish the process.

Report this User

Report this user for behavior that violates our Community Guidelines.

Details: